| 000 | 00521nam a2200145 a 4500 | ||
|---|---|---|---|
| 008 | 120416s1978 ||||||||||||||||| || u | ||
| 050 | _aHF 5415.2 Gre | ||
| 100 | _aGreen, Paul E | ||
| 245 | 1 | 0 | _aResearch for marketing decisions |
| 250 | _a4th ed. | ||
| 260 |
_aEnglewood Cliffs, N.J. _bFT Prentice-Hall _c1978 |
||
| 300 | _axiii, 673p. : ill. | ||
| 350 | _a0.00 | ||
| 995 |
_D0.00 _FCBU-MAIN LIBRARY (Kitwe) _H1 _I0.00 _UAVAILABLE _ZMain Library Open Access Collection |
||
| 999 |
_c56300 _d56300 |
||